Trasa Linii 101 (MPK KRAKÓW) - Statystyki

Ogólne statystyki
  • Ten quiz został rozwiązany 9 razy
  • Średni wynik to 6 z 8
Statystyki odpowiedzi
Lp. Ulica Przystanek % Poprawnych
6. (NŻ) MalczewskiegoMost Zwierzyniecki Malczewskiego
100%
1. Barska Os. Podwawelskie
100%
4. Zielińskiego Monte Cassino Kapelanka
83%
2. Monte Cassino Rondo Grunwaldzkie
83%
3. ↑ Monte Cassino Szwedzka
83%
5. Zielińskiego Zielińskiego
83%
7. (NŻ) Wodociągowa Aleja Waszyngtona
50%
8. Al. Waszyngtona Kopiec Kościuszki
50%
Nie znaleziono quizów pasujących do podanych kryteriów
Rozkład punktacji
Procent ludzi z każdym wynikiem
Percentyl według liczby udzielonych odpowiedzi
Twoja historia wyników
Nie rozwiązałeś tego quizu